Vermessung, Photogrammetrie, Kulturtechnik (Record no. 119119)

MARC details
000 -LEADER
fixed length control field 00864cas a22002295a 4500
001 - CONTROL NUMBER
control field L139733
008 - FIXED-LENGTH DATA ELEMENTS--GENERAL INFORMATION
fixed length control field 070807d19721975sw qr p 0 a0eng u
035 ## - SYSTEM CONTROL NUMBER
System control number (Sirsi) u139733
041 1# - LANGUAGE CODE
Language code of text/sound track or separate title ger
Language code of summary or abstract fre
110 2# - MAIN ENTRY--CORPORATE NAME
Corporate name or jurisdiction name as entry element Schweizerischer Verein fur Vermessungswesen und Kulturtechnik
9 (RLIN) 5304
240 ## - UNIFORM TITLE
Uniform title Mensuration, Photogrammetrie, Genie Rural
-- Revue
245 00 - TITLE STATEMENT
Title Vermessung, Photogrammetrie, Kulturtechnik
Remainder of title Fachblatt
260 ## - PUBLICATION, DISTRIBUTION, ETC.
Place of publication, distribution, etc. Winterthur
Name of publisher, distributor, etc. Fabag & Druckerei Winterthur
Date of publication, distribution, etc. 1972-1975
362 0# - DATES OF PUBLICATION AND/OR SEQUENTIAL DESIGNATION
Dates of publication and/or sequential designation 70(1) 1972-73(3/5) 1975
554 ## -
-- Four per year
651 #4 - SUBJECT ADDED ENTRY--GEOGRAPHIC NAME
Geographic name Switzerland
690 ## - LOCAL SUBJECT ADDED ENTRY--TOPICAL TERM (OCLC, RLIN)
Topical term or geographic name as entry element ENVIRONMENTAL AND LAND CONSULTANCY-GEOMATICS
710 2# - ADDED ENTRY--CORPORATE NAME
Corporate name or jurisdiction name as entry element Schweizerische Gesellschaft fur Photogrammetrie
710 2# - ADDED ENTRY--CORPORATE NAME
Corporate name or jurisdiction name as entry element Fachgruppe der Kulturingenieure des SIA
780 00 - PRECEDING ENTRY
Title Schweizerische Zeitschrift fur Vermessung, Photogrammetrie und Kulturtechnik
942 ## - ADDED ENTRY ELEMENTS (KOHA)
Suppress in OPAC 0
Holdings
Withdrawn status Lost status Source of classification or shelving scheme Damaged status Not for loan Home library Current library Shelving location Date acquired Total Checkouts Full call number Barcode Date last seen Price effective from Koha item type
    Dewey Decimal Classification     London London Basement 07/08/2007   VERMESSUNG PHOTOGRAMMETRIE KULTURTECHNIK 139733-1001 06/08/2019 06/08/2019 Journal